01427nam a22002417a 450000500170000000800410001702000180005804000070007604100120008308200210009510000170011624500660013326000660019930000260026536500530029152007570034465000220110165000110112365000100113465000120114465000120115670000170116820250717114351.0230221b ||||| |||| 00| 0 eng d a9789354491160 cAL aEnglish 223a070.19bCHAN aAbhay Chawla aNew Media and Online Journalismb: Handbook for Media Studies aUttar PradeshbPearson India Education Services Pvt.Ltdc2021 a352 p.bPBc22x15 cm. a7849b₹512.00c₹d₹640.00e20%f13-02-2023 aThis is a first of its kind handbook for students of journalism and mass communication, creatively introducing the principles of new media and related contemporary issues in the ever-changing Indian and global media landscape. The reader is led through a panoply of examples and contemporary case studies to bring the subject alive. In the modern world, new media is providing a novel way forward for individuals, organizations and countries. It is, therefore, paramount for any contemporary student of mass communication to engage with the practices and possibilities of new media. Written as per the curriculum of leading Indian universities, this book serves as a useful guide for anyone who wants to know more about new media and online journalism. aOnline Journalism aDesign aMedia awebsite aEditing aAbhay Chawla